Manažer jako vyjednávač : Vyjednáváním ke kooperaci a úspěchům v soutěži /

Saved in:
Bibliographic Details
Main Authors: Lax, D.A (Author), Sebenius, J.K (Author)
Other Authors: Bumbálek, Jiří (Translator)
Format: Book
Language:Czech
Published: Praha : Victoria Publishing, a.s, 1994
Subjects:
Tags: Add Tag
No Tags, Be the first to tag this record!

MARC

LEADER 00000nam a22000003a 4500
001 stu45466
005 20150617225715.5
008 960814s1994----cs------------------cze-d
020 |a 80-85605-68-6 
040 |a STU  |b slo 
041 0 |a cze 
044 |a cs 
080 |a 658.3 
100 1 |a Lax, D.A  |4 aut 
245 1 |a Manažer jako vyjednávač :  |b Vyjednáváním ke kooperaci a úspěchům v soutěži /  |c [aut.]D.A. Lax, J.K. Sebenius; Z amer. Jiří Bumbálek 
260 |a Praha :  |b Victoria Publishing, a.s,  |c 1994 
300 |a 272 s 
650 7 |a Vzťahy priemyselné  |2 stusub 
650 7 |a manažment  |2 stusub 
700 1 |a Sebenius, J.K  |4 aut 
700 1 |a Bumbálek, Jiří  |4 trl 
996 |b 284M087893  |c M*9385-1  |l MMKN  |s A  |a 24  |w stu45466_0001